[Event "SVK-chT2C 2122"]
[Site "Slovakia"]
[Date "2022.03.27"]
[Round "9.3"]
[White "Peter, Jan"]
[Black "Vyparina, Matej"]
[Result "1/2-1/2"]
[WhiteElo "1934"]
[BlackElo "2198"]
[PlyCount "46"]
[EventDate "2021.10.16"]
[EventType "team-tourn"]
[EventRounds "11"]
[EventCountry "SVK"]
[SourceTitle "EXT 2023"]
[Source "ChessBase"]
[SourceDate "2022.10.05"]
[SourceVersion "1"]
[SourceVersionDate "2022.10.05"]
[SourceQuality "1"]
[WhiteTeam "Bziny"]
[BlackTeam "Zilina Mladost III"]
[WhiteTeamCountry "SVK"]
[BlackTeamCountry "SVK"]

1. d4 Nf6 2. Bf4 c5 3. dxc5 Na6 4. Nd2 Nxc5 5. e3 g6 6. Ngf3 Bg7 7. c3 0-0 8. Be2 d6 9. 0-0 a6 10. a4 a5 11. Bg5 Nfe4 12. Nxe4 Nxe4 13. Qd5 Nxg5 14. Qxg5 Bf6 15. Qd5 Be6 16. Qd2 Qc7 17. Nd4 Bc4 18. Bxc4 Qxc4 19. Qe2 Rfc8 20. Qf3 Bxd4 21. exd4 Ra7 22. Rfe1 b5 23. axb5 Qxb5 1/2-1/2

[Event "DSOL 03 Liga Gr-D 1st"]
[Site "Playchess.com INT"]
[Date "2020.08.14"]
[Round "2.3"]
[White "Peter, Jan"]
[Black "Gundlach, Frank"]
[Result "1/2-1/2"]
[WhiteElo "1307"]
[BlackElo "1941"]
[PlyCount "50"]
[EventDate "2020.06.22"]
[EventType "team-tourn (rapid)"]
[EventCountry "GER"]
[SourceTitle "EXT 2021"]
[Source "ChessBase"]
[SourceDate "2020.10.23"]
[SourceVersion "1"]
[SourceVersionDate "2020.10.23"]
[SourceQuality "1"]
[WhiteTeam "Bad Homburg"]
[BlackTeam "Vellmar"]
[WhiteTeamCountry "GER"]
[BlackTeamCountry "GER"]

1. e4 e5 2. Nf3 Nc6 3. Bc4 Bc5 4. d3 d6 5. c3 Nf6 6. b4 Bb6 7. 0-0 a6 8. a4 h6 9. Nbd2 0-0 10. Re1 Ng4 11. Re2 Kh8 12. h3 Nf6 13. Qb3 Qe7 14. Nf1 Nh5 15. Be3 Bxe3 16. Nxe3 Nf4 17. Rd2 Qf6 18. Kh2 Ne7 19. Rg1 Nxh3 20. gxh3 Qxf3 21. Rg3 Qf4 22. Qd1 c6 23. Bb3 Ng6 24. Ng2 Qf6 25. d4 Nf4 1/2-1/2

[Event "DSOL 03 Liga Gr-D 1st"]
[Site "Playchess.com INT"]
[Date "2020.07.31"]
[Round "6.4"]
[White "Sesterhenn, Joerg"]
[Black "Peter, Jan"]
[Result "1-0"]
[WhiteElo "1886"]
[BlackElo "1307"]
[PlyCount "51"]
[EventDate "2020.06.22"]
[EventType "team-tourn (rapid)"]
[EventCountry "GER"]
[SourceTitle "EXT 2021"]
[Source "ChessBase"]
[SourceDate "2020.10.23"]
[SourceVersion "1"]
[SourceVersionDate "2020.10.23"]
[SourceQuality "1"]
[WhiteTeam "Gusenburg Gambit"]
[BlackTeam "Bad Homburg"]
[WhiteTeamCountry "GER"]
[BlackTeamCountry "GER"]

1. e4 e5 2. Nf3 Nc6 3. Bc4 Bc5 4. 0-0 Nf6 5. d4 exd4 6. e5 d5 7. exf6 dxc4 8. Re1+ Be6 9. Ng5 Qd5 10. Nc3 Qf5 11. g4 Qg6 12. Nce4 Bb6 13. f4 0-0-0 14. f5 Bxf5 15. gxf5 Qxf5 16. Rf1 Qg6 17. Kh1 Rhe8 18. Qg4+ Kb8 19. fxg7 h6 20. Qf5 hxg5 21. Qxg6 fxg6 22. Nf6 Rg8 23. Nxg8 Rxg8 24. Rf8+ Rxf8 25. gxf8Q+ Nd8 26. Qxd8# 1-0

[Event "DSOL 03 Liga Gr-D 1st"]
[Site "Playchess.com INT"]
[Date "2020.07.23"]
[Round "5.4"]
[White "Peter, Jan"]
[Black "Mester, Philipp"]
[Result "1-0"]
[WhiteElo "1307"]
[BlackElo "1346"]
[PlyCount "185"]
[EventDate "2020.06.22"]
[EventType "team-tourn (rapid)"]
[EventCountry "GER"]
[SourceTitle "EXT 2021"]
[Source "ChessBase"]
[SourceDate "2020.10.23"]
[SourceVersion "1"]
[SourceVersionDate "2020.10.23"]
[SourceQuality "1"]
[WhiteTeam "Bad Homburg"]
[BlackTeam "Kassel Caissa"]
[WhiteTeamCountry "GER"]
[BlackTeamCountry "GER"]

1. e4 e5 2. Nf3 Nc6 3. Bc4 Bc5 4. Nc3 Nf6 5. d3 d6 6. Nd5 Nxd5 7. Bxd5 Bg4 8. c3 0-0 9. h3 Bh5 10. g4 Bg6 11. h4 h5 12. g5 Qd7 13. Ng1 Nd8 14. Bd2 c6 15. Bb3 a5 16. c4 Ne6 17. Ne2 f5 18. f3 fxe4 19. fxe4 Bf2+ 20. Kf1 Nc5 21. Nc3 Nxd3 22. Ke2 Qg4+ 23. Kxd3 Rf3+ 24. Kc2 Bxe4+ 25. Kc1 Rxc3+ 26. bxc3 Bxh1 27. Qxh1 Qg1+ 28. Qxg1 Bxg1 29. Kb2 Bf2 30. Be1 Rf8 31. Bxf2 Rxf2+ 32. Ka3 Rh2 33. Rd1 Rxh4 34. Rxd6 a4 35. Kxa4 b5+ 36. Kb4 bxc4 37. Bxc4+ Kf8 38. Rxc6 Rg4 39. g6 h4 40. Kb3 h3 41. Be6 h2 42. Rc8+ Ke7 43. Bd5 Rxg6 44. Rh8 Rb6+ 45. Kc2 Rd6 46. c4 Ra6 47. Kb2 Rh6 48. Rxh6 gxh6 49. Kc3 Kd6 50. Kd2 Kc5 51. Ke2 e4 52. Bxe4 Kxc4 53. Kf2 Kb4 54. Kg2 Ka3 55. Bd5 h1B+ 56. Kxh1 Ka4 57. Kh2 Ka3 58. Kh3 Ka4 59. Kh4 Ka3 60. Kh5 Ka4 61. Kxh6 Ka3 62. Kg5 Ka4 63. Kf4 Ka3 64. Ke3 Kb4 65. Kd2 Ka3 66. Kc2 Ka4 67. Kb2 Ka5 68. Ka3 Kb5 69. Bb3 Ka5 70. Bc4 Kb6 71. Ka4 Kc5 72. Be2 Kb6 73. Bf1 Ka7 74. Ka5 Kb7 75. a4 Ka7 76. Bg2 Kb8 77. Kb6 Kc8 78. a5 Kd7 79. a6 Ke6 80. a7 Ke5 81. a8Q Kd6 82. Qc6+ Ke5 83. Qc4 Kf6 84. Qe4 Kf7 85. Qe5 Kg6 86. Qf4 Kg7 87. Qf5 Kh8 88. Qg5 Kh7 89. Kc7 Kh8 90. Kd8 Kh7 91. Ke7 Kh8 92. Kf8 Kh7 93. Qg7# 1-0

[Event "SVK-chT2C 1920"]
[Site "Slovakia"]
[Date "2020.03.08"]
[Round "11.7"]
[White "Laurencsik, Alexander"]
[Black "Peter, Jan"]
[Result "0-1"]
[WhiteElo "1726"]
[BlackElo "1979"]
[PlyCount "68"]
[EventDate "2019.10.26"]
[EventType "team-tourn"]
[EventRounds "11"]
[EventCountry "SVK"]
[SourceTitle "CBM 195 Extra"]
[Source "ChessBase"]
[SourceDate "2020.05.31"]
[SourceVersion "1"]
[SourceVersionDate "2020.05.31"]
[SourceQuality "1"]
[WhiteTeam "Filakovo"]
[BlackTeam "Bziny"]
[WhiteTeamCountry "SVK"]
[BlackTeamCountry "SVK"]

1. e4 c6 2. d4 d5 3. e5 Bf5 4. Nc3 e6 5. Nf3 Nd7 6. Be2 Ne7 7. Bg5 Qb6 8. Rb1 h6 9. Bxe7 Bxe7 10. 0-0 0-0 11. h3 Rac8 12. Re1 c5 13. dxc5 Bxc5 14. Rf1 Bb4 15. Qd4 Bxc2 16. Rbc1 Bh7 17. Qxb6 Nxb6 18. Nb5 a6 19. Nbd4 Rxc1 20. Rxc1 Rc8 21. Rxc8+ Nxc8 22. a3 Bc5 23. Nb3 Bb6 24. Ne1 Ne7 25. Kf1 Nc6 26. f4 Nd4 27. Nxd4 Bxd4 28. b3 Kf8 29. Nd3 Ke7 30. g4 Be3 31. Kg2 Bxd3 32. Bxd3 Bxf4 33. a4 Bxe5 34. Kf3 Kd6 0-1

[Event "SVK-chT2C 1920"]
[Site "Slovakia"]
[Date "2020.03.07"]
[Round "10.6"]
[White "Moravcik, Jaroslav"]
[Black "Peter, Jan"]
[Result "1/2-1/2"]
[WhiteElo "2057"]
[BlackElo "1979"]
[PlyCount "76"]
[EventDate "2019.10.26"]
[EventType "team-tourn"]
[EventRounds "11"]
[EventCountry "SVK"]
[SourceTitle "CBM 195 Extra"]
[Source "ChessBase"]
[SourceDate "2020.05.31"]
[SourceVersion "1"]
[SourceVersionDate "2020.05.31"]
[SourceQuality "1"]
[WhiteTeam "Detva"]
[BlackTeam "Bziny"]
[WhiteTeamCountry "SVK"]
[BlackTeamCountry "SVK"]

1. e4 c6 2. d4 d5 3. exd5 cxd5 4. c4 Nf6 5. Nf3 Nc6 6. cxd5 Nxd5 7. Nc3 Bg4 8. Be2 e6 9. 0-0 Be7 10. h3 Bh5 11. Qb3 Rb8 12. Nxd5 exd5 13. Bf4 Bd6 14. Qxd5 Bxf4 15. Qxh5 0-0 16. Rfd1 Qf6 17. Bb5 g6 18. Qh4 Qxh4 19. Nxh4 Ne7 20. g3 Bd6 21. Rac1 Rbc8 22. Nf3 Rxc1 23. Rxc1 Rc8 24. Rxc8+ Nxc8 25. Bc4 Be7 26. Kf1 Kg7 27. Ke2 Nd6 28. Kd3 f6 29. Nd2 f5 30. Bd5 Kf6 31. f3 g5 32. g4 h6 33. a4 b6 34. b3 Bd8 35. Nc4 Nxc4 36. Kxc4 fxg4 37. hxg4 Ke7 38. Bb7 Kd6 1/2-1/2

[Event "SVK-chT2C 1819"]
[Site "Slovakia"]
[Date "2019.03.03"]
[Round "9.7"]
[White "Weis, Dusan1111"]
[Black "Peter, Jan"]
[Result "1/2-1/2"]
[WhiteElo "1780"]
[BlackElo "1961"]
[PlyCount "78"]
[EventDate "2018.10.13"]
[EventType "team-tourn"]
[EventRounds "11"]
[EventCountry "SVK"]
[SourceTitle "CBM 189 Extra"]
[Source "ChessBase"]
[SourceDate "2019.06.03"]
[SourceVersion "1"]
[SourceVersionDate "2019.06.03"]
[SourceQuality "1"]
[WhiteTeam "Vinica"]
[BlackTeam "Bziny"]
[WhiteTeamCountry "SVK"]
[BlackTeamCountry "SVK"]

1. e4 c6 2. d4 d5 3. exd5 cxd5 4. c4 Nf6 5. Nf3 Nc6 6. Be3 e6 7. c5 Be7 8. Bb5 0-0 9. 0-0 Bd7 10. Nc3 Qc7 11. Qd2 Qa5 12. Bxc6 Bxc6 13. Nxd5 Qd8 14. Nxe7+ Qxe7 15. Ne5 Bd5 16. f3 Nd7 17. Nxd7 Qxd7 18. Bf4 Qb5 19. a4 Qc6 20. b4 a6 21. Bd6 Rfd8 22. Qg5 f6 23. Qg3 Kf7 24. Rfe1 h6 25. Qh3 Re8 26. Qh5+ Kg8 27. Qg6 Bb3 28. Qg4 Qd7 29. Re3 Bxa4 30. Rae1 Bc6 31. Rxe6 Rxe6 32. Qxe6+ Qxe6 33. Rxe6 Re8 34. Rxe8+ Bxe8 35. Kf2 Kf7 36. d5 Bb5 37. Ke3 Ba4 38. Kd4 Bb5 39. Ke4 Ba4 1/2-1/2

[Event "SVK-chT2C 1819"]
[Site "Slovakia"]
[Date "2018.11.17"]
[Round "3.7"]
[White "Brnusak, Tomas"]
[Black "Peter, Jan"]
[Result "0-1"]
[WhiteElo "1944"]
[BlackElo "1957"]
[PlyCount "118"]
[EventDate "2018.10.13"]
[EventType "team-tourn"]
[EventRounds "11"]
[EventCountry "SVK"]
[SourceTitle "CBM 187 Extra"]
[Source "ChessBase"]
[SourceDate "2018.11.04"]
[SourceVersion "1"]
[SourceVersionDate "2018.11.04"]
[SourceQuality "1"]
[WhiteTeam "Liptov Chess School III"]
[BlackTeam "Bziny"]
[WhiteTeamCountry "SVK"]
[BlackTeamCountry "SVK"]

1. d4 d5 2. c4 c6 3. cxd5 cxd5 4. Nc3 Nf6 5. Nf3 Nc6 6. Bf4 Nh5 7. Bg5 Qa5 8. Qb3 e6 9. Qb5 Bb4 10. Qxa5 Bxa5 11. 0-0-0 0-0 12. a3 a6 13. b4 Bc7 14. e4 dxe4 15. Nxe4 Nf4 16. Kb2 Nd5 17. Bc4 f6 18. Be3 Rd8 19. Rhe1 b6 20. Nc3 Kf7 21. Nxd5 exd5 22. Bd3 Ne7 23. Rc1 Bd6 24. h3 Bd7 25. Bd2 g6 26. Nh4 Nc6 27. Be3 Ne7 28. f4 a5 29. b5 a4 30. g4 Nc8 31. Ka2 Na7 32. Rb1 Rdc8 33. Bd2 Rc7 34. Nf3 Rac8 35. Rh1 Kg7 36. Ng1 Rc3 37. Bxc3 Rxc3 38. Bf1 Rxa3+ 39. Kb2 Rb3+ 40. Kc2 Rxb1 41. Kxb1 Bxf4 42. Bg2 Nxb5 43. Ne2 Bd6 44. Bxd5 Nc7 45. Ba2 b5 46. Kb2 b4 47. Bc4 Na8 48. Rc1 Nb6 49. d5 Be5+ 50. Ka2 Kf8 51. Ng1 Ke7 52. Nf3 Bc3 53. d6+ Kxd6 54. Bg8 Be6+ 55. Bxe6 Kxe6 56. Rd1 Nc4 57. Nd4+ Ke5 58. Nb5 b3+ 59. Kb1 Bb4 0-1

[Event "SVK-chT2C 1718"]
[Site "Slovakia"]
[Date "2018.02.25"]
[Round "9.7"]
[White "Sedlar, Jozef"]
[Black "Peter, Jan"]
[Result "0-1"]
[WhiteElo "1923"]
[BlackElo "1950"]
[PlyCount "88"]
[EventDate "2017.10.28"]
[EventType "team-tourn"]
[EventRounds "11"]
[EventCountry "SVK"]
[SourceTitle "EXT 2019"]
[Source "ChessBase"]
[SourceDate "2018.10.10"]
[SourceVersion "1"]
[SourceVersionDate "2018.10.10"]
[SourceQuality "1"]
[WhiteTeam "Banska Bystrica Kurta"]
[BlackTeam "Bziny"]
[WhiteTeamCountry "SVK"]
[BlackTeamCountry "SVK"]

1. e4 c6 2. d4 d5 3. exd5 cxd5 4. c4 Nf6 5. Nc3 Nc6 6. Nf3 e6 7. a3 Be7 8. Bf4 a6 9. b4 Nh5 10. Be3 0-0 11. Ne5 Nf6 12. c5 Nxe5 13. dxe5 Nd7 14. f4 f6 15. Nxd5 exd5 16. Qxd5+ Kh8 17. Rd1 Nb8 18. Qe4 Qe8 19. Bd3 Qh5 20. 0-0 f5 21. Qc4 Nc6 22. Bc2 Qh6 23. Bb3 Qg6 24. Rf3 Nd8 25. Qc3 Be6 26. Rg3 Qf7 27. Bc2 Rc8 28. Qb2 Nc6 29. Bf2 Rfd8 30. Rgd3 g5 31. fxg5 Rxd3 32. Rxd3 Bxg5 33. Rf3 Qd7 34. h4 Bh6 35. Bxf5 Bg7 36. Bxe6 Qxe6 37. Bg3 Nxe5 38. Bxe5 Bxe5 39. Qe2 Bd4+ 40. Kf1 Qg6 41. Qd3 Qg7 42. Qf5 Re8 43. g4 Qe7 44. g5 Qe2# 0-1

[Event "SVK-chT2C 1718"]
[Site "Slovakia"]
[Date "2017.11.26"]
[Round "4.7"]
[White "Peter, Jan"]
[Black "Valuska, Pavel"]
[Result "0-1"]
[WhiteElo "1950"]
[BlackElo "1973"]
[PlyCount "106"]
[EventDate "2017.10.28"]
[EventType "team-tourn"]
[EventRounds "11"]
[EventCountry "SVK"]
[SourceTitle "CBM 181 Extra"]
[Source "ChessBase"]
[SourceDate "2017.12.12"]
[SourceVersion "1"]
[SourceVersionDate "2017.12.12"]
[SourceQuality "1"]
[WhiteTeam "Bziny"]
[BlackTeam "Zvolen Slavia"]
[WhiteTeamCountry "SVK"]
[BlackTeamCountry "SVK"]

1. d4 d5 2. Bf4 Nf6 3. Nf3 e6 4. e3 c5 5. c3 Nc6 6. Nbd2 a6 7. Be2 Nh5 8. Bg3 Nxg3 9. hxg3 Bd6 10. Qc2 h6 11. a4 Bd7 12. 0-0 Rc8 13. Rfe1 0-0 14. Nb3 c4 15. Nbd2 f5 16. Nh2 Qc7 17. f4 g5 18. Ndf3 Be7 19. Kf2 Kg7 20. Ne5 Nxe5 21. fxe5 g4 22. Rh1 h5 23. Nf1 Be8 24. Qd2 Bg5 25. Ke1 Bg6 26. Bd1 Qa5 27. Qc1 Rh8 28. Ke2 Rh6 29. Bc2 Rch8 30. Ra3 Be7 31. Ra1 Qd8 32. Qb1 Qf8 33. Qc1 Bg5 34. Qd2 h4 35. gxh4 Rxh4 36. Rxh4 Rxh4 37. g3 Rh1 38. Re1 Qh8 39. Kd1 Rg1 40. Kc1 Qh1 41. Qe2 Rg2 42. Qd1 Qh3 43. Kb1 Rf2 44. Qc1 Qg2 45. Rd1 Rxc2 46. Qxc2 f4 47. Qxg6+ Kxg6 48. exf4 Be7 49. Rc1 b5 50. axb5 axb5 51. Rd1 b4 52. cxb4 Bxb4 53. Ne3 Qe2 0-1

[Event "SVK-chT2C 1718"]
[Site "Slovakia"]
[Date "2017.10.29"]
[Round "2.7"]
[White "Ondras, Michal"]
[Black "Peter, Jan"]
[Result "0-1"]
[WhiteElo "1973"]
[BlackElo "1950"]
[PlyCount "60"]
[EventDate "2017.10.28"]
[EventType "team-tourn"]
[EventRounds "11"]
[EventCountry "SVK"]
[SourceTitle "CBM 181 Extra"]
[Source "ChessBase"]
[SourceDate "2017.12.12"]
[SourceVersion "1"]
[SourceVersionDate "2017.12.12"]
[SourceQuality "1"]
[WhiteTeam "Cadca Caissa"]
[BlackTeam "Bziny"]
[WhiteTeamCountry "SVK"]
[BlackTeamCountry "SVK"]

1. d4 d5 2. c4 c6 3. Nf3 Nf6 4. Nc3 e6 5. Bg5 Be7 6. e3 Nbd7 7. Bd3 0-0 8. 0-0 h6 9. Bh4 Ne8 10. Bg3 Nd6 11. cxd5 exd5 12. Qc2 Nf6 13. Ne5 Nh5 14. Bh7+ Kh8 15. Bd3 Be6 16. Qe2 Nxg3 17. fxg3 Bf6 18. Ng4 Bxg4 19. Qxg4 Qe7 20. Rae1 Rae8 21. h3 g6 22. Kh2 h5 23. Qf3 Bg7 24. e4 dxe4 25. Nxe4 Nxe4 26. Rxe4 Qd8 27. Rf4 f5 28. g4 Bxd4 29. Rxd4 Qxd4 30. gxh5 Re3 0-1

[Event "SVK-chT2C 1718"]
[Site "Slovakia"]
[Date "2017.10.28"]
[Round "1.7"]
[White "Peter, Jan"]
[Black "Kollar, Vladimir"]
[Result "1/2-1/2"]
[WhiteElo "1950"]
[BlackElo "1963"]
[PlyCount "40"]
[EventDate "2017.10.28"]
[EventType "team-tourn"]
[EventRounds "11"]
[EventCountry "SVK"]
[SourceTitle "CBM 181 Extra"]
[Source "ChessBase"]
[SourceDate "2017.12.12"]
[SourceVersion "1"]
[SourceVersionDate "2017.12.12"]
[SourceQuality "1"]
[WhiteTeam "Bziny"]
[BlackTeam "Dunajov Inbest II"]
[WhiteTeamCountry "SVK"]
[BlackTeamCountry "SVK"]

1. d4 Nf6 2. Bf4 d5 3. Nf3 e6 4. e3 Bd6 5. Bg5 Nbd7 6. Nbd2 h6 7. Bh4 0-0 8. Be2 e5 9. dxe5 Nxe5 10. Nxe5 Bxe5 11. c3 c6 12. Qc2 Bc7 13. Rd1 Qe7 14. Nf3 Bg4 15. Nd4 Bxe2 16. Qxe2 Bd8 17. Bxf6 Qxf6 18. 0-0 Re8 19. Qf3 Qxf3 20. Nxf3 Bf6 1/2-1/2

[Event "SVK-chT2C 1617"]
[Site "Slovakia"]
[Date "2016.11.06"]
[Round "4.5"]
[White "Peter, Jan"]
[Black "Zagrapan, Pavol"]
[Result "1-0"]
[WhiteElo "1912"]
[BlackElo "2010"]
[PlyCount "104"]
[EventDate "2016.10.08"]
[EventType "team-tourn"]
[EventRounds "11"]
[EventCountry "SVK"]
[SourceTitle "CBM 175 Extra"]
[Source "ChessBase"]
[SourceDate "2016.12.12"]
[SourceVersion "1"]
[SourceVersionDate "2016.12.12"]
[SourceQuality "1"]
[WhiteTeam "Dolny Kubin"]
[BlackTeam "Cadca Caissa"]
[WhiteTeamCountry "SVK"]
[BlackTeamCountry "SVK"]

1. d4 d5 2. Bf4 Nf6 3. Nf3 c5 4. c3 Qb6 5. Qb3 e6 6. e3 Be7 7. Qxb6 axb6 8. Bc7 Bd8 9. Bxd8 Kxd8 10. Ne5 Ke7 11. Bb5 Bd7 12. Bxd7 Nfxd7 13. Nxd7 Nxd7 14. Nd2 Rhc8 15. 0-0 Ra4 16. f4 f6 17. Nf3 b5 18. dxc5 Re4 19. Rfe1 b4 20. Nd2 bxc3 21. Nxe4 cxb2 22. Rab1 dxe4 23. Rxb2 Nxc5 24. Rb6 Ra8 25. Re2 Kd7 26. Rc2 Rc8 27. a4 Rc6 28. Rcb2 Rd6 29. Rxd6+ Kxd6 30. a5 Kd5 31. Kf1 Kc6 32. Rb6+ Kc7 33. Ke2 h6 34. g4 Kd7 35. h4 Kc7 36. Kf2 Kd7 37. Kg3 Kc7 38. h5 Kd7 39. g5 f5 40. gxh6 gxh6 41. Kf2 Kc7 42. Ke2 Kd7 43. Kd2 Kc7 44. Kc2 Kd7 45. Rb1 e5 46. fxe5 Ke6 47. Rb6+ Kxe5 48. Rxh6 f4 49. exf4+ Kxf4 50. Rf6+ Ke5 51. Rf7 Ke6 52. Rc7 Kd6 1-0

[Event "SVK-chT2C 1617"]
[Site "Slovakia"]
[Date "2016.10.08"]
[Round "1.7"]
[White "Peter, Jan"]
[Black "Klein, Peter"]
[Result "0-1"]
[WhiteElo "1912"]
[BlackElo "1975"]
[PlyCount "64"]
[EventDate "2016.10.08"]
[EventType "team-tourn"]
[EventRounds "11"]
[EventCountry "SVK"]
[SourceTitle "CBM 175 Extra"]
[Source "ChessBase"]
[SourceDate "2016.12.12"]
[SourceVersion "1"]
[SourceVersionDate "2016.12.12"]
[SourceQuality "1"]
[WhiteTeam "Dolny Kubin"]
[BlackTeam "Filakovo"]
[WhiteTeamCountry "SVK"]
[BlackTeamCountry "SVK"]

1. d4 Nf6 2. Bf4 d5 3. Nf3 e6 4. e3 c6 5. Nbd2 Nbd7 6. Be2 Bb4 7. c3 Ba5 8. 0-0 Bc7 9. Bg5 h6 10. Bh4 g5 11. Bg3 Bxg3 12. hxg3 Qc7 13. Qc2 b6 14. c4 Bb7 15. cxd5 Nxd5 16. a3 0-0-0 17. Rfc1 Kb8 18. Nc4 f6 19. b4 h5 20. Qb3 h4 21. g4 Rdg8 22. b5 c5 23. a4 h3 24. g3 h2+ 25. Kh1 f5 26. Nfe5 Nxe3+ 27. Bf3 Nxg4 28. Rc2 Ndxe5 29. Nxe5 Nxe5 30. dxe5 g4 31. Bg2 Bxg2+ 32. Kxg2 Qb7+ 0-1

[Event "SVK-chT2C 1516"]
[Site "Slovakia"]
[Date "2016.02.14"]
[Round "9.8"]
[White "Peter, Jan"]
[Black "Paluch, Stefan"]
[Result "0-1"]
[WhiteElo "1927"]
[BlackElo "1788"]
[PlyCount "172"]
[EventDate "2015.10.17"]
[EventType "team-tourn"]
[EventRounds "11"]
[EventCountry "SVK"]
[SourceTitle "EXT 2017"]
[Source "ChessBase"]
[SourceDate "2016.10.25"]
[SourceVersion "1"]
[SourceVersionDate "2016.10.25"]
[SourceQuality "1"]
[WhiteTeam "Dolny Kubin"]
[BlackTeam "Dunajov Inbest II"]
[WhiteTeamCountry "SVK"]
[BlackTeamCountry "SVK"]

1. d4 d5 2. Bf4 e6 3. Nf3 Nf6 4. e3 Be7 5. Nbd2 0-0 6. Bd3 c5 7. c3 Nbd7 8. 0-0 Nh5 9. Be5 g6 10. h3 Qb6 11. Rb1 Bd6 12. Bxd6 Qxd6 13. Bb5 Ndf6 14. Ne5 a6 15. Be2 Ng7 16. Nb3 b6 17. Nd2 Bb7 18. Qe1 Nd7 19. f4 f6 20. Nxd7 Qxd7 21. Nf3 Nf5 22. Bd3 Nd6 23. Qh4 Qg7 24. Kh2 a5 25. Rg1 Ba6 26. Bc2 Be2 27. Nd2 Bc4 28. a4 Ba6 29. g4 cxd4 30. exd4 Bc8 31. Rbe1 Bd7 32. Rg2 Rae8 33. Qg3 Nf7 34. Nf3 Nd8 35. f5 exf5 36. Rxe8 Rxe8 37. gxf5 g5 38. Qc7 Nc6 39. Qxb6 Qe7 40. Qc7 Rb8 41. Bd3 Rc8 42. Qg3 Kh8 43. Re2 Qf8 44. Qf2 Ne7 45. Ne1 Bxa4 46. Qe3 Re8 47. Qe6 Ng6 48. Qxd5 Nf4 49. Rxe8 Qxe8 50. Qe4 Qb8 51. Kh1 Qc7 52. c4 Nxh3 53. Qf3 g4 54. Qa8+ Kg7 55. Qg2 Qf4 56. d5 h5 57. c5 Qc1 58. Qe2 Qxc5 59. Qg2 Qe3 60. Be2 Kh6 61. Nd3 Bc2 62. Bxg4 hxg4 63. Qxg4 Ng5 64. Qh4+ Kg7 65. Nf4 Be4+ 66. Ng2 Qh3+ 67. Qxh3 Nxh3 68. Kh2 Bxf5 69. Ne3 Bd7 70. b3 Nf4 71. Nc4 Nxd5 72. Nxa5 Be6 73. Nc6 Bd7 74. Nd4 Kg6 75. Kg3 Kg5 76. Nf3+ Kf5 77. Nh4+ Ke4 78. Ng6 f5 79. Nh4 f4+ 80. Kf2 Nb4 81. Ng2 Nd3+ 82. Kg1 f3 83. Nh4 f2+ 84. Kf1 Bh3+ 85. Ng2 Bxg2+ 86. Kxg2 Kd4 0-1

[Event "Oravska Priehrada op"]
[Site "Oravska Priehrada"]
[Date "2013.08.11"]
[Round "6"]
[White "Madar, Martin"]
[Black "Peter, Jan"]
[Result "1/2-1/2"]
[WhiteElo "2148"]
[BlackElo "1944"]
[PlyCount "96"]
[EventDate "2013.08.09"]
[EventType "swiss"]
[EventRounds "7"]
[EventCountry "SVK"]
[SourceTitle "CBM 155 Extra"]
[Source "ChessBase"]
[SourceDate "2013.08.26"]
[SourceVersion "1"]
[SourceVersionDate "2013.08.26"]
[SourceQuality "1"]

1. e4 c6 2. d4 d5 3. exd5 cxd5 4. Bd3 Nf6 5. h3 Nc6 6. Nf3 Nb4 7. Ne5 Nxd3+ 8. Qxd3 a6 9. 0-0 g6 10. Qb3 Bg7 11. Nc3 0-0 12. Re1 e6 13. Bg5 Qc7 14. Bf4 Qa5 15. Na4 Nd7 16. Nxd7 Bxd7 17. Nb6 Rad8 18. Bc7 Bxd4 19. Bxd8 Rxd8 20. Nxd7 Rxd7 21. c3 Bf6 22. Rad1 Rc7 23. a3 Qc5 24. Qb4 Qc4 25. Qxc4 Rxc4 26. Kf1 b5 27. Ke2 h5 28. Kd3 Rf4 29. f3 Rc4 30. Rc1 Kf8 31. b3 Rc6 32. c4 dxc4+ 33. bxc4 Rd6+ 34. Ke2 Bg5 35. Rcd1 Rc6 36. cxb5 axb5 37. Kd3 Ra6 38. Ra1 Bf6 39. Ra2 b4 40. a4 b3 41. Ra3 Be7 42. Rxb3 Rxa4 43. Rc1 Ra7 44. Rcb1 Bd6 45. Rb7 Rxb7 46. Rxb7 h4 47. Ke4 g5 48. Rd7 Bf4 1/2-1/2

[Event "SVK-chT2C 1213"]
[Site "Slovakia"]
[Date "2013.02.17"]
[Round "9.5"]
[White "Paluch, Jozef"]
[Black "Peter, Jan"]
[Result "1/2-1/2"]
[WhiteElo "1999"]
[BlackElo "1951"]
[PlyCount "93"]
[EventDate "2012.10.13"]
[EventType "team-tourn"]
[EventRounds "11"]
[EventCountry "SVK"]
[SourceTitle "EXT 2015"]
[Source "ChessBase"]
[SourceDate "2014.11.20"]
[SourceVersion "1"]
[SourceVersionDate "2014.11.20"]
[SourceQuality "1"]
[WhiteTeam "Zilina DMS"]
[BlackTeam "Dolny Kubin"]
[WhiteTeamCountry "SVK"]
[BlackTeamCountry "SVK"]

1. g3 d5 2. Bg2 c6 3. Nf3 Nf6 4. b3 Bf5 5. Bb2 e6 6. d3 Be7 7. Nbd2 0-0 8. c4 Nbd7 9. 0-0 h6 10. Rc1 Qa5 11. Rc2 Rac8 12. Qa1 Ba3 13. Bc3 Bb4 14. Bxb4 Qxb4 15. a3 Qe7 16. b4 e5 17. cxd5 cxd5 18. Rfc1 Rxc2 19. Rxc2 Qd6 20. Qc3 Re8 21. Qc7 Qa6 22. Qa5 Qxa5 23. bxa5 Rb8 24. Rc7 Kf8 25. Nh4 Be6 26. f4 g6 27. Nhf3 Ne8 28. Rc1 f6 29. fxe5 fxe5 30. h3 Ke7 31. Nh4 g5 32. Nhf3 Kd6 33. g4 Nef6 34. Kf2 Rf8 35. Ke1 Nb8 36. Rb1 Rf7 37. d4 e4 38. Ne5 Rc7 39. e3 Nfd7 40. Nxd7 Bxd7 41. Bf1 Bc8 42. Nb3 a6 43. Nc5 Nd7 44. Nxd7 Bxd7 45. Kd2 Bc6 46. Be2 Rf7 47. Rf1 1/2-1/2

[Event "SVK-chT2C 1213"]
[Site "Slovakia"]
[Date "2012.10.14"]
[Round "2.6"]
[White "Ondras, Michal"]
[Black "Peter, Jan"]
[Result "1/2-1/2"]
[WhiteElo "1939"]
[BlackElo "1951"]
[PlyCount "69"]
[EventDate "2012.10.13"]
[EventType "team-tourn"]
[EventRounds "11"]
[EventCountry "SVK"]
[SourceTitle "EXT 2015"]
[Source "ChessBase"]
[SourceDate "2014.11.20"]
[SourceVersion "1"]
[SourceVersionDate "2014.11.20"]
[SourceQuality "1"]
[WhiteTeam "Cadca Caissa II"]
[BlackTeam "Dolny Kubin"]
[WhiteTeamCountry "SVK"]
[BlackTeamCountry "SVK"]

1. d4 d5 2. c4 c6 3. Nc3 Nf6 4. Nf3 e6 5. Bg5 Be7 6. e3 0-0 7. Bd3 Nbd7 8. 0-0 dxc4 9. Bxc4 Nd5 10. Bxe7 Qxe7 11. e4 Nxc3 12. bxc3 Qa3 13. Qc2 b6 14. Rfd1 Bb7 15. Bd3 h6 16. c4 Qe7 17. e5 c5 18. Bh7+ Kh8 19. Be4 Bxe4 20. Qxe4 cxd4 21. Nxd4 Nc5 22. Qe3 Qh4 23. g3 Qg4 24. f3 Qh5 25. Nb5 Rfd8 26. Nd6 Rd7 27. Rd4 Rad8 28. Rad1 Kg8 29. Kg2 Qg6 30. R1d2 Qb1 31. Rg4 Kh7 32. Rgd4 Kg8 33. Rg4 Kh7 34. Rgd4 Kg8 35. Rg4 1/2-1/2